000 00459nam a2200157 4500
001 148030
003 ES-MaACL
005 20230906202406.0
007 t|
008 070214s1943 xxk r ||||1| eng d
100 1 _aSpreadbury, F. G.
_9107793
245 1 0 _aAircraft electrical engineering /
_cby Spreadbury, F. G.
260 _aLondon :
_bIsaac Pitman and Sons,
_c1943.
300 _aVIII, 271 p. :
_bil. ;
_c23 cm.
852 _aES-MaACL
_jF-15867
_bR.20487
999 _c148030
_d148030